000
00325 a2200157 4500
001
68100
020
_a
9783195117791
040
_c
Anchieta - Pituba
100
_a
Alberti, Josef
240
1
0
_a
Dabei! A1.2
_l
deu / ger
245
1
0
_a
Dabei! A1.2
300
_a
79
362
0
_a
2020
650
4
_a
Língua alemã
942
_c
BK
999
_c
68100
_d
68100